000 01132nam a2200265 a 4500
001 BRCA_1144
005 20190320203311.0
008 971203s1997 mx-a---##c---#000-0#spa-#
020 _a9687939001
040 _aDLC
_cDLC
_dDLC
050 4 _aNB1910
_b.T46 1997
245 1 0 _aTeoxché
_bmadera de Dios : imaginería colonial guatemalteca
_cIsabel Paiz de Serra, coordinadora general.
260 _aMéxico
_bEmbajada de Guatemala en México
_c1997
300 _a69 p.
_bil. a color
_c28 cm.
500 _aCatálogo de la exposición realizada en el Museo Franz Mayer (Ciudad de México), 30 septiembre - 30 noviembre, 1997
650 1 4 _aEscultura guatemalteca
_xExposiciones
_93759
650 1 4 _aEscultura colonial
_xExposiciones
_zGuatemala
_93760
650 1 4 _aTalla en madera colonial
_xExposiciones
_zGuatemala
_93761
650 1 4 _aTalla en madera
_xExposiciones
_zGuatemala
_93762
650 1 4 _aPolicromía
_xExposiciones
_zGuatemala
_93763
650 1 4 _aArte cristiano y simbolismo
_xExposiciones
_zGuatemala
_93764
700 1 _aPaiz de Serra, Isabel
_93765
710 2 _aMuseo Franz Mayer (Ciudad de México)
_92266
942 _2lcc
_cB
999 _c1021
_d1021